Statistics for European Countries With The Highest Infant Mortality

Click here to take the quiz!

General Stats

  • This quiz has been taken 40 times
  • The average score is 12 of 14

Answer Stats

RateCountry% Correct
12.58Moldova
95%
3.67United Kingdom
95%
4.69Slovakia
92%
3.58Greece
89%
3.72Poland
89%
4.87Serbia
89%
5.14Bulgaria
86%
4.32Croatia
86%
5.20North Macedonia
86%
3.87Russia
86%
8.76Albania
84%
4.95Bosnia and Herzegovina
84%
7.02Ukraine
81%
5.63Malta
70%

Score Distribution

Percentile by Number Answered

Percent of People with Each Score

Your Score History

You have not taken this quiz